Teorija distribucija /

Guardado en:
Autor Principal: Stankovic, Bogoljub, 1924-
Otros Autores: Pilipovic, Stevan.
Formato: Libro
Idioma:Croatian
Publicado: Novi Sad : Prirodno-matematicki fakultet : Institut za matematiku, 1983.
Materias:
Etiquetas: Agregar Etiqueta
Sin Etiquetas, Sea el primero en etiquetar este registro!
LEADER 00863nam a2200253 a 4500
001 MAT.inmabb006181
008 840927s1983####yu#######b####001#0#scr##
005 20160330153437.0
245 1 0 |a Teorija distribucija /  |c Bogoljub Stankovic, Stevan Pilipovic. 
260 |a Novi Sad :  |b Prirodno-matematicki fakultet :  |b Institut za matematiku,  |c 1983. 
300 |a 331 p. ;  |c 24 cm. 
500 |a In Serbo-Croatian (Roman) 
500 |a Summary in English; table of contents also in English. 
504 |a Bibliografía: p. 318-321. 
500 |a Incluye índice. 
510 4 |a MR,  |c 85f:46079 
100 1 |a Stankovic, Bogoljub,  |d 1924- 
700 1 |a Pilipovic, Stevan. 
650 0 |a Distribution (Probability theory) 
084 |a 46Fxx (46-01)  |2 msc2000 
010 |a  84156921  
040 |a DLC  |c DLC  |d DLC 
041 0 |a scr  |b eng 
859 |h 46  |i St786  |p A-5582  |b BIB. MATEMATICA